|
|
|
|
| LEADER |
00000nab a2200000 a 4500 |
| 001 |
vtls000807853 |
| 003 |
SK-MaSNL |
| 005 |
20260304174821.0 |
| 008 |
250429c2002 xo 0 slo |
| 015 |
|
|
|a SNBRB2002/11-34914
|
| 035 |
|
|
|a CLN000159508
|
| 035 |
|
|
|a urn:nbn:sk:snk-ab31xb
|
| 035 |
|
|
|a (urnnbn)urn:nbn:sk:snk:ar-a05jb0
|
| 035 |
|
|
|a (uuid)5ea71f00-2a79-49d6-8720-487f7496815f
|
| 040 |
|
|
|a SNKBUCL
|b slo
|c SNKBUCL
|e AACR2
|
| 041 |
0 |
|
|a slo
|
| 044 |
|
|
|a xo
|c SK
|
| 080 |
|
|
|a 611.1:616.13/.14(0.072)
|2 1997
|
| 100 |
1 |
|
|a Gavorník, Peter,
|d 1948-
|4 aut
|9 201242
|
| 245 |
1 |
0 |
|a Miesto, úlohy a význam angiológie (všeobecnej angiológie) v internej medicíne
|c Peter Gavorník
|
| 504 |
|
|
|a Bibliogr. odkazy
|
| 650 |
0 |
7 |
|a komentár (publikačný typ)
|2 snkbucl
|9 866536
|
| 650 |
0 |
7 |
|a interná medicína
|2 snkbucl
|9 905
|
| 650 |
0 |
7 |
|a cievne choroby
|2 snkbucl
|9 85261
|
| 650 |
0 |
7 |
|a laboratórne techniky a postupy
|2 snkbucl
|9 1073775
|
| 650 |
0 |
7 |
|a angiológia
|2 snkbucl
|9 2423
|
| 655 |
|
7 |
|a články z novín a časopisov
|2 snkbucl
|9 267496
|
| 773 |
0 |
|
|t Interná medicína s prílohou Všeobecné lekárstvo
|g Roč. 2, č. 5 (2002), s. 321-323
|x 1335-8359
|
| 850 |
|
|
|a Slovenská národná knižnica
|
| 852 |
|
|
|a Slovenská národná knižnica
|
| 954 |
|
|
|a odborná, vedecká literatúra pôvodná (slovenská)
|2 lita
|
| 958 |
|
|
|a article2022
|
| 958 |
|
|
|a MI
|
| 958 |
|
|
|a NB
|
| 958 |
|
|
|a OND
|
| 958 |
|
|
|a EUIPO
|
| 999 |
|
|
|c 3010541
|d 3012471
|